Представление документа в формате RUSMARC

ПолеНазваниеЗначение
  Тип записи a
  Библиографический уровень a
001 Контрольный номер RU/CBS_UL/BASE/703243212
005 Дата корректировки 20240209175322.6
100 Данные общей обработки __
a Данные общей обработки 20220414d2022 ||| 0rusy0189 ca
101 Язык документа 0_
a Язык текста rus
102 Страна публикации __
a Страна публикации RU
105 Кодированные данные (монография) __
a Кодированные данные (монография) y###||||000|y
181 Поле кодированных данных: вид содержания _1
a Код вида содержания (ISBD) i#
b Код характеристики содержания (ISBD) #xxe##
d i
g x
h x
i e
182 Поле кодированных данных: тип средства _1
a Код типа средства (ISBD) n
2 Код системы (источник кода, отличный от ISBD) isbdmedia
200 Заглавие и сведения об ответственности 1_
a Заглавие Лабиринт
b Общее обозначение материала Текст
e Сведения, относящиеся к заглавию мальчишеский роман
f Первые сведения об ответственности Альберт Лиханов
w Текст (визуальный) : непосредственный
203 Вид содержания и тип средства __
a Вид содержания Текст
b Характеристика содержания визуальный
c Тип средства непосредственный
461 Уровень набора _0
1 2000
a Путеводная звезда
463 Уровень физической единицы _0
1 001RU/CBS_UL/BASE/703242685
1 2000
a № 9
v С. 2-48, 65-111 : ил.
1 210
d 2021
600 Персоналии _0
a Персоналии (Фамилия) Лиханов
b Персоналии (Имя, инициалы) Альберт Анатольевич
606 Тематические рубрики 0_
a Основная рубрика Российская литература, 20 в.
608 Указатель предметных рубрик __
a Жанр/форма роман
610 Ключевые слова 0_
a Ключевые слова российская литература
610 Ключевые слова 0_
a Ключевые слова мальчишеские романы
610 Ключевые слова 0_
a Ключевые слова подростковая литература
610 Ключевые слова 0_
a Ключевые слова детская классика
610 Ключевые слова 0_
a Ключевые слова подростковое чтение
686 Индексы других классификаций __
a Классификационный индекс 84(2Рос=Рус)6
2 Код системы rubbk
700 Автор _1
a Фамилия Лиханов
b Имя (инициалы) А.
g Полное личное имя Альберт
801 Источник записи _0
a Страна RU
b Организация МБУК ЦБС г. Ульяновска
c Дата составления 20220414
g Правила каталогизации RCR
801 Источник записи _1
a Страна RU
b Организация МБУК ЦБС г. Ульяновска
c Дата составления 20220414
g Правила каталогизации RCR
901 Тип документа __
t Тип документа b
w Контрольный № источника RU/CBS_UL/BASE/703242685
910 Корректоры записи __
a Корректор записи Библиотека 15
938 Служебная информация __
a Имя БД period